Géographie de l'Afrique par lettre - F - Statistiques

Statistiques générales
  • Ce quiz a été pris 187 fois
  • Le résultat moyen est 5 sur 12
Statistiques - réponses
Indice Réponse % Correct
Ville du Maroc, dont la médina est classée au patrimoine mondial de l'UNESCO Fès
91%
Langue officielle de beaucoup de pays africains Français
91%
Animal national de l'Algérie Fennec
87%
Capitale du Sierra Leone Freetown
82%
Monnaie dont les variantes (burundais, congolais) sont utilisées dans un grand nombre de pays africains Franc
73%
Type de république que sont le Nigeria et l'Éthiopie, par exemple Fédérale
64%
Ville du Gabon portant en partie le nom d'un pays européen Franceville
31%
Groupe ethnique de 40% de la population du Bénin, en 3 lettres Fon
9%
Deuxième plus grande ville du Botswana Francistown
8%
Région traditionnelle du sud-ouest de la Libye, ayant pour capitale Sebha Fezzan
4%
Parc national au nord du Cameroun, portant le même nom que le département dans lequel il se trouve et que la rivière qui le traverse Faro
3%
Ancien nom de Bioko, île de Guinée-Équatoriale abritant la capitale Fernando Po
3%
Aucun quiz correspondant
Distribution des résultats
% des personnes avec chaque résultat
Percentile par nombre de réponses
Votre historique - résultats
Vous n’avez pas pris ce quiz